[Event "Teplice op 2nd"]
[Site "Teplice"]
[Date "2007.06.21"]
[Round "7"]
[White "Chmelik, Jiri"]
[Black "Sleich, Jan"]
[Result "1-0"]
[WhiteElo "2063"]
[BlackElo "2236"]
[PlyCount "145"]
[EventDate "2007.06.16"]
[EventType "swiss"]
[EventRounds "9"]
[EventCountry "CZE"]
[SourceTitle "CBM 118 Extra"]
[Source "ChessBase"]
[SourceDate "2007.07.04"]
[SourceVersion "1"]
[SourceVersionDate "2007.07.04"]
[SourceQuality "1"]

1. d4 d6 2. c4 e5 3. Nf3 exd4 4. Nxd4 g6 5. g3 Bg7 6. Bg2 Nf6 7. Nc3 0-0 8. 0-0 Nbd7 9. b3 Re8 10. Bb2 Nc5 11. Qc2 a5 12. Rad1 Bd7 13. h3 Qc8 14. Kh2 h5 15. Nd5 Nfe4 16. Nb5 c6 17. Nb6 Qd8 18. Nxd7 Qxd7 19. Bxg7 Kxg7 20. Nd4 Qe7 21. f3 Nf6 22. e4 h4 23. g4 Ne6 24. Qc3 Nxd4 25. Qxd4 Qe5+ 26. Kg1 Rad8 27. Rf2 g5 28. Rfd2 Qxd4+ 29. Rxd4 Re6 30. Bf1 c5 31. R4d2 Kf8 32. a3 Ke7 33. b4 axb4 34. axb4 b6 35. Ra1 Nd7 36. Ra7 cxb4 37. Rb2 Kf6 38. Kf2 Re5 39. Rxb4 Ra5 40. Ra4 Rxa4 41. Rxa4 Nc5 42. Rb4 Rb8 43. Ke3 Ke5 44. Be2 Ra8 45. Rxb6 Ra3+ 46. Kf2 Ra2 47. Ke3 Ra1 48. Kf2 Rc1 49. Bf1 Rc3 50. Be2 Ne6 51. Rb5+ Kf6 52. Rf5+ Ke7 53. e5 Nf4 54. exd6+ Kxd6 55. Bf1 Rc2+ 56. Ke3 Rc1 57. Rxg5 Ne6 58. Rd5+ Ke7 59. Bd3 Re1+ 60. Be2 Rh1 61. c5 Rxh3 62. c6 Rh1 63. Bc4 h3 64. Rh5 h2 65. Bxe6 Kxe6 66. Kf4 Rc1 67. Rxh2 Rc4+ 68. Kg3 f6 69. Rh6 Rxc6 70. g5 Kf7 71. Rxf6+ Rxf6 72. gxf6 Kxf6 73. Kf4 1-0

[Event "Teplice op 2nd"]
[Site "Teplice"]
[Date "2007.06.20"]
[Round "6"]
[White "Sleich, Jan"]
[Black "Stanek, Stanislav"]
[Result "1/2-1/2"]
[WhiteElo "2236"]
[BlackElo "2007"]
[PlyCount "132"]
[EventDate "2007.06.16"]
[EventType "swiss"]
[EventRounds "9"]
[EventCountry "CZE"]
[SourceTitle "CBM 118 Extra"]
[Source "ChessBase"]
[SourceDate "2007.07.04"]
[SourceVersion "1"]
[SourceVersionDate "2007.07.04"]
[SourceQuality "1"]

1. d4 d6 2. Nf3 Bg4 3. c4 c6 4. Nc3 Nd7 5. e4 e5 6. Be2 Be7 7. 0-0 Bxf3 8. Bxf3 Bg5 9. Bxg5 Qxg5 10. d5 c5 11. Bg4 Ngf6 12. Bxd7+ Nxd7 13. Qb3 b6 14. Qa4 Ke7 15. g3 a6 16. Qc2 Rhb8 17. a4 Kf8 18. Kh1 Kg8 19. Qe2 h5 20. h4 Qg4 21. Qxg4 hxg4 22. Kg2 g6 23. Rh1 Nf6 24. Ra3 Kg7 25. Rb3 Nd7 26. h5 Rh8 27. hxg6 Rxh1 28. Kxh1 Kxg6 29. Kg2 f5 30. exf5+ Kxf5 31. Ra3 Nf6 32. a5 Rb8 33. Rb3 Nd7 34. f3 gxf3+ 35. Kxf3 e4+ 36. Ke2 Ke5 37. Ke3 bxa5 38. Rxb8 Nxb8 39. Nxe4 Nd7 40. Kd3 Nb6 41. Ng5 Kf6 42. Ne4+ Ke5 43. Ng5 Kf6 44. Ne6 Kf5 45. Nd8 a4 46. Nb7 Ke5 47. Na5 Kf5 48. Ke3 Kg5 49. Kf3 Nd7 50. Ke3 Ne5 51. Kd2 Kg4 52. Kc3 Kxg3 53. Nc6 Kf4 54. Ne7 Ke4 55. Nc8 Nf7 56. Nb6 Ke3 57. Nxa4 Ng5 58. Nb6 Ne4+ 59. Kc2 Kd4 60. b3 a5 61. Na4 Ke3 62. Nb6 Kd4 63. Na4 Ke3 64. Nb6 Kd4 65. Na4 Ke3 66. Nb6 Kd4 1/2-1/2

[Event "CZE-chT2b 0607"]
[Site "Czech Republic"]
[Date "2006.11.05"]
[Round "2"]
[White "Sleich, Jan"]
[Black "Hadraba, Vladimir"]
[Result "1-0"]
[WhiteElo "2236"]
[BlackElo "2193"]
[PlyCount "120"]
[EventDate "2006.10.15"]
[EventType "team"]
[EventRounds "11"]
[EventCountry "CZE"]
[SourceTitle "EXT 2009"]
[Source "ChessBase"]
[SourceDate "2008.11.26"]
[SourceVersion "1"]
[SourceVersionDate "2008.11.26"]
[SourceQuality "1"]

1. e4 c5 2. Nf3 e6 3. g3 Nc6 4. Bg2 d6 5. 0-0 Nf6 6. Re1 Be7 7. c3 0-0 8. d4 cxd4 9. cxd4 d5 10. e5 Ne4 11. Nbd2 Nxd2 12. Bxd2 Bd7 13. h4 Rc8 14. Qb3 Qb6 15. Qxb6 axb6 16. Rec1 Rc7 17. Rc3 b5 18. a3 Ra8 19. Rac1 Rcc8 20. Rb3 Na7 21. Rxc8+ Rxc8 22. Bf1 h6 23. Kg2 Kf8 24. a4 Ke8 25. axb5 b6 26. Bd3 Rc7 27. h5 Nc8 28. Ne1 Ra7 29. Nc2 Ra4 30. f4 Kd8 31. g4 Na7 32. g5 Bf8 33. Kf3 Nc8 34. Bc3 Na7 35. Ke2 Be7 36. Bd2 Bf8 37. Kd1 Nc8 38. Kc1 Na7 39. Kb1 Nc8 40. Be2 Ra7 41. Be1 Ke8 42. Bd3 Be7 43. Bd2 Bf8 44. Be2 Kd8 45. Rg3 Ne7 46. gxh6 gxh6 47. Bb4 Ke8 48. Bd3 Ra4 49. b3 Ra7 50. Kb2 Kd8 51. Bd6 Ra5 52. Bb4 Ra7 53. Rg1 Be8 54. Bd6 Bd7 55. Nb4 Ke8 56. Nc6 Nxc6 57. bxc6 Bxc6 58. Rg8 Re7 59. f5 exf5 60. Bxf5 Bb5 1-0

[Event "CZE-chT2b 0607"]
[Site "Czech Republic"]
[Date "2006.10.15"]
[Round "1"]
[White "Horak, Michal"]
[Black "Sleich, Jan"]
[Result "1-0"]
[WhiteElo "2235"]
[BlackElo "2235"]
[PlyCount "49"]
[EventDate "2006.10.15"]
[EventType "team"]
[EventRounds "11"]
[EventCountry "CZE"]
[SourceTitle "EXT 2009"]
[Source "ChessBase"]
[SourceDate "2008.11.26"]
[SourceVersion "1"]
[SourceVersionDate "2008.11.26"]
[SourceQuality "1"]

1. e4 e6 2. Qe2 Nc6 3. f4 d5 4. e5 Nge7 5. Nf3 Nf5 6. c3 d4 7. d3 Be7 8. g3 0-0 9. Bg2 f6 10. g4 Nh6 11. exf6 gxf6 12. h3 f5 13. g5 Nf7 14. 0-0 e5 15. h4 e4 16. dxe4 d3 17. Qe1 Nd6 18. e5 Ne4 19. Nbd2 Bc5+ 20. Kh2 Nxd2 21. Bxd2 a5 22. Qg3 Be6 23. Ne1 Bc4 24. b3 Be6 25. c4 1-0

[Event "Teplice op 1st"]
[Site "Teplice"]
[Date "2006.06.21"]
[Round "6"]
[White "Hadraba, Vladimir"]
[Black "Sleich, Jan"]
[Result "1/2-1/2"]
[WhiteElo "2179"]
[BlackElo "2292"]
[PlyCount "159"]
[EventDate "2006.06.17"]
[EventType "swiss"]
[EventRounds "9"]
[EventCountry "CZE"]
[SourceTitle "CBM 112 Extra"]
[Source "ChessBase"]
[SourceDate "2006.07.14"]
[SourceVersion "1"]
[SourceVersionDate "2006.07.14"]
[SourceQuality "1"]

1. e4 c5 2. Nf3 d6 3. d4 Nf6 4. Nc3 cxd4 5. Nxd4 e5 6. Bb5+ Nbd7 7. Nf5 a6 8. Bxd7+ Qxd7 9. Ne3 Qc6 10. f3 Be6 11. 0-0 Rc8 12. a4 Be7 13. Kh1 0-0 14. Ned5 Bxd5 15. exd5 Qc4 16. a5 Qh4 17. Ra4 Qh5 18. Be3 Nd7 19. Qd3 f5 20. Rb4 Rc7 21. Ra1 Bh4 22. Kg1 e4 23. fxe4 f4 24. Bd4 f3 25. Rf1 Ne5 26. Bxe5 f2+ 27. Kh1 Qxe5 28. Qh3 Bg5 29. Qe6+ Qxe6 30. dxe6 Re7 31. g3 Bd2 32. Rd4 Bxc3 33. bxc3 Rxe6 34. Kg2 Rc8 35. Rxf2 Rxc3 36. Rb4 Rc7 37. Rb6 Rxe4 38. Rxd6 h6 39. Rd5 Rec4 40. Kh3 R4c5 41. c4 Rxc4 42. Rb2 Rc2 43. Rxc2 Rxc2 44. Rd7 Rb2 45. g4 Rb5 46. Kg3 b6 47. axb6 Rxb6 48. h4 Rf6 49. Ra7 Rb6 50. Kf4 Rb4+ 51. Kf5 Rb5+ 52. Kg6 Rb6+ 53. Kh5 Kh7 54. g5 hxg5 55. hxg5 Rc6 56. Rd7 a5 57. g6+ Rxg6 58. Ra7 Rg1 59. Rxa5 g6+ 60. Kh4 Kh6 61. Ra6 Rb1 62. Kg4 Rb4+ 63. Kg3 Kh5 64. Ra3 g5 65. Rc3 Rg4+ 66. Kh3 Rg1 67. Kh2 Rf1 68. Kg3 Rg1+ 69. Kh2 Rg4 70. Kh3 Ra4 71. Rb3 Kg6 72. Kg3 Rc4 73. Ra3 Rc1 74. Ra6+ Kh5 75. Ra3 Rg1+ 76. Kh2 Re1 77. Kg3 Re5 78. Rb3 Kg6 79. Ra3 Kf5 80. Rb3 1/2-1/2

[Event "Teplice op 1st"]
[Site "Teplice"]
[Date "2006.06.19"]
[Round "4"]
[White "Sleich, Jan"]
[Black "Kalina, Jiri"]
[Result "1/2-1/2"]
[WhiteElo "2292"]
[BlackElo "2052"]
[PlyCount "96"]
[EventDate "2006.06.17"]
[EventType "swiss"]
[EventRounds "9"]
[EventCountry "CZE"]
[SourceTitle "CBM 112 Extra"]
[Source "ChessBase"]
[SourceDate "2006.07.14"]
[SourceVersion "1"]
[SourceVersionDate "2006.07.14"]
[SourceQuality "1"]

1. f4 Nf6 2. Nf3 g6 3. e3 Bg7 4. Be2 b6 5. 0-0 Bb7 6. d3 d5 7. Nc3 0-0 8. Qe1 c5 9. a4 d4 10. Nb5 dxe3 11. Bxe3 Nd5 12. Bc1 Nc6 13. Kh1 e6 14. Qg3 a6 15. Na3 Nd4 16. Nxd4 cxd4 17. Nc4 Qc7 18. Bd2 b5 19. Na3 Bc6 20. Bf3 Qb7 21. Ra2 Rfe8 22. Raa1 Re7 23. Rae1 Rae8 24. Re2 f5 25. Rfe1 Kf7 26. Qh4 Kg8 27. axb5 axb5 28. Bxd5 Bxd5 29. Bb4 Rd7 30. Qf2 Rc8 31. Kg1 Bf6 32. Ra1 Rdd8 33. Qe1 Kf7 34. Qf2 Rd7 35. Qe1 Rdd8 36. Qd2 Rd7 37. Nb1 Ra8 38. Rxa8 Qxa8 39. Na3 Qc6 40. Re1 Rd8 41. Rc1 e5 42. fxe5 Bxe5 43. Re1 Re8 44. Qh6 Bg7 45. Qh4 Rxe1+ 46. Qxe1 Bf6 47. Qg3 Qe8 48. Bc5 Bc6 1/2-1/2

[Event "CZE-chT2b 0506"]
[Site "Czech Republic"]
[Date "2006.02.26"]
[Round "8"]
[White "Vagner, Tomas"]
[Black "Sleich, Jan"]
[Result "1-0"]
[WhiteElo "2235"]
[BlackElo "2290"]
[PlyCount "97"]
[EventDate "2005.10.16"]
[EventType "team"]
[EventRounds "11"]
[EventCountry "CZE"]
[SourceTitle "EXT 2009"]
[Source "ChessBase"]
[SourceDate "2008.11.26"]
[SourceVersion "1"]
[SourceVersionDate "2008.11.26"]
[SourceQuality "1"]

1. e4 c5 2. Nf3 d6 3. c3 Nf6 4. Be2 g6 5. 0-0 Bg7 6. d3 0-0 7. Re1 Nc6 8. Bf1 a6 9. d4 cxd4 10. Nxd4 Bd7 11. a4 Qb6 12. Nxc6 Bxc6 13. a5 Qc7 14. Nd2 Rac8 15. Bd3 Nd7 16. Nc4 Nc5 17. Bc2 Rce8 18. Bf4 Nd7 19. Qd2 Rc8 20. Bh6 Rfe8 21. Bxg7 Kxg7 22. Re3 Nf6 23. Nb6 Rcd8 24. Rae1 e5 25. c4 Qe7 26. Rd1 Nh5 27. g3 Kg8 28. f3 Ng7 29. Nd5 Bxd5 30. cxd5 Rc8 31. Ba4 Rf8 32. Rc3 h5 33. Rdc1 Rxc3 34. Rxc3 h4 35. Qc1 Nh5 36. Rc7 Qd8 37. Kg2 Kg7 38. Bd7 hxg3 39. hxg3 Nf6 40. Be6 Ng8 41. b4 Qb8 42. Bc8 b6 43. b5 axb5 44. a6 b4 45. a7 Qa8 46. Qc6 Rxc8 47. Rxc8 Qxa7 48. Ra8 Qe7 49. Qc8 1-0

[Event "CZE-chT2b 0506"]
[Site "Czech Republic"]
[Date "2005.11.06"]
[Round "2"]
[White "Hrbolka, Ladislav Jr"]
[Black "Sleich, Jan"]
[Result "1-0"]
[WhiteElo "2230"]
[BlackElo "2290"]
[PlyCount "43"]
[EventDate "2005.10.16"]
[EventType "team"]
[EventRounds "11"]
[EventCountry "CZE"]
[SourceTitle "EXT 2009"]
[Source "ChessBase"]
[SourceDate "2008.11.26"]
[SourceVersion "1"]
[SourceVersionDate "2008.11.26"]
[SourceQuality "1"]

1. e4 d5 2. exd5 Nf6 3. d4 Bg4 4. Be2 Bxe2 5. Qxe2 Qxd5 6. Nf3 e6 7. 0-0 Nc6 8. Rd1 0-0-0 9. c4 Qh5 10. Nc3 Bd6 11. c5 Be7 12. b4 Nd5 13. Nxd5 Rxd5 14. b5 Nb8 15. Be3 Rhd8 16. Qc2 Bf6 17. Qa4 g5 18. Qxa7 g4 19. Ne1 Qh4 20. Rab1 Qh5 21. a4 Qf5 22. c6 1-0

[Event "CZE-chT2 0102"]
[Site "Czech Republic"]
[Date "2002.01.06"]
[Round "6.5"]
[White "Banas, Jan"]
[Black "Sleich, Jan"]
[Result "1-0"]
[WhiteElo "2348"]
[BlackElo "2218"]
[PlyCount "80"]
[EventDate "2001.10.??"]
[EventType "team"]
[EventRounds "11"]
[EventCountry "CZE"]
[SourceTitle "EXT 2006"]
[Source "ChessBase"]
[SourceDate "2005.11.24"]
[SourceVersion "1"]
[SourceVersionDate "2005.11.24"]
[SourceQuality "1"]

1. c4 c5 2. Nf3 Nc6 3. Nc3 Nd4 4. Ng1 Nc6 5. e3 Nf6 6. Nf3 e6 7. d4 d5 8. cxd5 exd5 9. Be2 Bd6 10. 0-0 0-0 11. dxc5 Bxc5 12. b3 a6 13. Bb2 Ba7 14. Rc1 Re8 15. Na4 Ne4 16. Nd4 Ne5 17. Qc2 Qd6 18. Nc3 Nf6 19. Nf5 Qe6 20. Ng3 Bd7 21. Rfd1 Rad8 22. Rd2 Neg4 23. Bxg4 Nxg4 24. Nf1 d4 25. exd4 Qh6 26. h3 Nf6 27. Ng3 Qg5 28. Rcd1 Bb8 29. Qd3 h5 30. Bc1 Qf4 31. Re2 Qd6 32. Bg5 Rxe2 33. Ncxe2 Bb5 34. Qc2 Bxe2 35. Qxe2 Re8 36. Qf3 Nh7 37. Qxh5 Qd5 38. Bf4 Qxh5 39. Nxh5 g6 40. Bxb8 Rxb8 1-0

[Event "CZE-chT2b 0001"]
[Site "Czech Republic"]
[Date "2001.??.??"]
[Round "?"]
[White "Horak, J."]
[Black "Sleich, Jan"]
[Result "1/2-1/2"]
[WhiteElo "2270"]
[BlackElo "2255"]
[PlyCount "141"]
[EventDate "2000.??.??"]
[EventType "team"]
[EventRounds "11"]
[EventCountry "CZE"]
[SourceTitle "EXT 2003"]
[Source "ChessBase"]
[SourceDate "2002.11.25"]
[SourceVersion "1"]
[SourceVersionDate "2002.11.25"]
[SourceQuality "1"]

1. d4 d5 2. c4 e5 3. dxe5 d4 4. Nf3 Nc6 5. g3 Be6 6. b3 Qd7 7. Bg2 0-0-0 8. 0-0 Bh3 9. Bxh3 Qxh3 10. Ng5 Qd7 11. f4 h6 12. Ne4 f6 13. exf6 gxf6 14. Nbd2 f5 15. Nf2 Nf6 16. Nf3 Bg7 17. Bb2 Rhe8 18. b4 Ne4 19. b5 Ne7 20. Qa4 Kb8 21. Rad1 c5 22. bxc6 Nxc6 23. Nd3 Bf6 24. Qb5 Nd6 25. Qd5 Ne7 26. Nfe5 Nxd5 27. Nxd7+ Rxd7 28. cxd5 Nc4 29. Rfe1 Rxd5 30. Rc1 b5 31. a4 a6 32. Ba1 Be7 33. Kf2 Kb7 34. axb5 axb5 35. Rc2 Bd6 36. Nc1 Bb4 37. Rh1 Bd2 38. Nb3 Be3+ 39. Kg2 Bd2 40. Bxd4 Rxd4 41. Nxd4 Ne3+ 42. Kf3 Nxc2 43. Nxc2 Rc8 44. Rb1 Rc3+ 45. Kg2 Rxc2 46. Rxb5+ Kc7 47. Rxf5 Rc6 48. e4 Bb4 49. Rf7+ Kd8 50. Rh7 Rc2+ 51. Kh3 Bf8 52. e5 Ke8 53. e6 Re2 54. f5 Rf2 55. Kg4 Rxh2 56. f6 Rf2 57. e7 Rxf6 58. exf8Q+ Kxf8 59. Kh5 Rf3 60. g4 Rh3+ 61. Kg6 Rg3 62. Rf7+ Kg8 63. Rf4 Ra3 64. Kxh6 Ra6+ 65. Kh5 Kg7 66. Rb4 Rh6+ 67. Kg5 Rg6+ 68. Kf5 Rf6+ 69. Ke5 Rf1 70. Rb6 Kf7 71. Ra6 1/2-1/2

[Event "CZE-chT2a 0001"]
[Site "Czech Republic"]
[Date "2001.??.??"]
[Round "3"]
[White "Sleich, Jan"]
[Black "Ruzicka, Zdenek"]
[Result "1/2-1/2"]
[WhiteElo "2215"]
[BlackElo "2175"]
[PlyCount "172"]
[EventDate "2000.??.??"]
[EventType "team"]
[EventRounds "11"]
[EventCountry "CZE"]
[SourceTitle "EXT 2003"]
[Source "ChessBase"]
[SourceDate "2002.11.25"]
[SourceVersion "1"]
[SourceVersionDate "2002.11.25"]
[SourceQuality "1"]

1. e4 c6 2. d4 d5 3. Nc3 dxe4 4. Nxe4 Bf5 5. Ng3 Bg6 6. h4 h6 7. Nf3 Nd7 8. h5 Bh7 9. Bd3 Bxd3 10. Qxd3 e6 11. Bd2 Ngf6 12. 0-0-0 Qc7 13. Ne4 Nxe4 14. Qxe4 Nf6 15. Qe2 0-0-0 16. c4 Kb8 17. Kb1 Ka8 18. g3 Be7 19. Ne5 Rxd4 20. Bf4 Re4 21. Nxf7 Rxe2 22. Bxc7 Rf8 23. Ne5 Rc8 24. Ng6 Rxc7 25. Nxe7 a5 26. Rd8+ Ka7 27. Nc8+ Ka6 28. Nd6 Rd7 29. Rxd7 Nxd7 30. f4 Nc5 31. Ne8 Na4 32. Nxg7 Rxb2+ 33. Kc1 Rxa2 34. Re1 Nc5 35. Re3 Rg2 36. f5 exf5 37. Nxf5 Nd7 38. Re6 a4 39. Re8 Nf6 40. Ra8+ Kb6 41. Rxa4 Nxh5 42. Rb4+ Kc5 43. Rxb7 Nxg3 44. Nxh6 Kxc4 45. Rc7 Ne2+ 46. Kd2 Nd4+ 47. Ke3 Re2+ 48. Kf4 Re8 49. Rd7 c5 50. Nf7 Re1 51. Nd6+ Kd3 52. Nb7 Re4+ 53. Kg3 Re3+ 54. Kf4 Re4+ 55. Kg3 Re5 56. Nxc5+ Rxc5 57. Kf4 Rf5+ 58. Kg4 Rf8 59. Kg5 Ke4 60. Re7+ Kd5 61. Kg4 Nc6 62. Re1 Ne5+ 63. Kg3 Rf3+ 64. Kg2 Rc3 65. Re2 Ng4 66. Ra2 Nf6 67. Ra4 Ke5 68. Kf2 Ne4+ 69. Ke2 Kf4 70. Ra8 Re3+ 71. Kd1 Rd3+ 72. Kc2 Ke3 73. Re8 Rd7 74. Rc8 Kd4 75. Kb3 Nc5+ 76. Kc2 Ra7 77. Rd8+ Kc4 78. Kd2 Re7 79. Rc8 Kd4 80. Rd8+ Ke4 81. Kc3 Rc7 82. Re8+ Ne6+ 83. Kd2 Kd5 84. Ra8 Ke4 85. Rd8 Rc6 86. Rd7 Ra6 1/2-1/2

[Event "CZE-chT2b 0001"]
[Site "Czech Republic"]
[Date "2001.??.??"]
[Round "?"]
[White "Sleich, Jan"]
[Black "Satransky, Jaroslav"]
[Result "1-0"]
[WhiteElo "2255"]
[BlackElo "2155"]
[PlyCount "117"]
[EventDate "2000.??.??"]
[EventType "team"]
[EventRounds "11"]
[EventCountry "CZE"]
[SourceTitle "EXT 2003"]
[Source "ChessBase"]
[SourceDate "2002.11.25"]
[SourceVersion "1"]
[SourceVersionDate "2002.11.25"]
[SourceQuality "1"]

1. e4 e5 2. Nf3 Nc6 3. d4 exd4 4. Nxd4 Bc5 5. Nxc6 Qf6 6. Qd2 dxc6 7. Nc3 Bb4 8. Bd3 Be6 9. 0-0 0-0-0 10. Qe3 Kb8 11. Na4 Qd4 12. Qxd4 Rxd4 13. Be3 Rd8 14. Nc5 Bxc5 15. Bxc5 b6 16. Be3 Kb7 17. Rfd1 Ne7 18. Be2 h6 19. h3 c5 20. Bg4 Bxg4 21. hxg4 Nc6 22. f3 Nb4 23. Rdc1 c4 24. a3 Nc6 25. Rd1 Rhe8 26. Kf2 Re7 27. Rxd8 Nxd8 28. Rd1 Ne6 29. Rd5 c6 30. Rd1 Ka6 31. f4 Kb5 32. Rh1 Ka4 33. Kf3 c3 34. bxc3 Kxa3 35. Rb1 c5 36. Rb3+ Ka2 37. c4 Rd7 38. f5 Nd8 39. e5 Nc6 40. Ke4 Nb4 41. e6 fxe6 42. fxe6 Re7 43. Ke5 Nxc2 44. Rd3 Nb4 45. Rd7 Re8 46. Rxa7+ Kb3 47. Rxg7 Kxc4 48. Bxh6 b5 49. Rd7 Rg8 50. g5 Nc6+ 51. Kf6 b4 52. Kf7 Ra8 53. Bg7 b3 54. e7 Ra2 55. g3 b2 56. Rd1 Kb3 57. Bxb2 Rxb2 58. g6 Kc2 59. Rd5 1-0

[Event "CZE-chT2b 0001"]
[Site "Czech Republic"]
[Date "2000.??.??"]
[Round "4"]
[White "Kopal, Josef"]
[Black "Sleich, Jan"]
[Result "1/2-1/2"]
[WhiteElo "2210"]
[BlackElo "2255"]
[PlyCount "125"]
[EventDate "2000.??.??"]
[EventType "team"]
[EventRounds "11"]
[EventCountry "CZE"]
[SourceTitle "EXT 2003"]
[Source "ChessBase"]
[SourceDate "2002.11.25"]
[SourceVersion "1"]
[SourceVersionDate "2002.11.25"]
[SourceQuality "1"]

1. e4 c5 2. c4 Nc6 3. Nc3 d6 4. g3 g6 5. Bg2 Bg7 6. Nge2 Nf6 7. 0-0 0-0 8. Rb1 Bd7 9. h3 Ne8 10. a3 Rb8 11. b4 b6 12. d3 Nd4 13. Bd2 Nc7 14. Kh2 Nce6 15. f4 Nxe2 16. Nxe2 Nd4 17. g4 e6 18. Ng3 f5 19. gxf5 exf5 20. exf5 Bxf5 21. Nxf5 Nxf5 22. Qg4 Qf6 23. Rb3 Rbe8 24. Bc3 Qe7 25. Qg5 Bf6 26. Bxf6 Rxf6 27. Be4 Nd4 28. Rb2 Kg7 29. Rbf2 Ref8 30. h4 Kh8 31. Kh1 Ne6 32. Qg3 Ng7 33. Kg1 Qd7 34. Kh2 Qf7 35. bxc5 dxc5 36. Qg5 Rd6 37. Qe5 Re6 38. Qc3 Qe7 39. Bd5 Qxh4+ 40. Kg1 Re3 41. Qb2 Rg3+ 42. Rg2 Rh3 43. Rh2 Rxh2 44. Qxh2 Qxh2+ 45. Kxh2 Nh5 46. a4 Nxf4 47. a5 Kg7 48. Be4 bxa5 49. Ra1 Rf7 50. Rxa5 Rc7 51. Kg3 Ne2+ 52. Kg4 Nd4 53. Ra6 Re7 54. Ra5 Rc7 55. Ra6 Ne2 56. Bf3 Nd4 57. Be4 Nc2 58. Kf4 Kf7 59. Bd5+ Ke7 60. Ke5 Nd4 61. Rf6 Kd7 62. Rf7+ Kd8 63. Rf8+ 1/2-1/2

[Event "Decin op-A"]
[Site "Decin"]
[Date "1998.??.??"]
[Round "5"]
[White "Sleich, Jan"]
[Black "Virovlansky, Semen"]
[Result "1/2-1/2"]
[WhiteElo "2230"]
[BlackElo "2380"]
[PlyCount "144"]
[EventDate "1998.08.??"]
[EventType "swiss"]
[EventRounds "10"]
[EventCountry "CZE"]
[SourceTitle "EXT 2000"]
[Source "ChessBase"]
[SourceDate "1999.11.16"]
[SourceVersion "1"]
[SourceVersionDate "1999.11.16"]
[SourceQuality "1"]

1. e4 c6 2. d4 d5 3. Nc3 dxe4 4. Nxe4 Nd7 5. Ng5 Ngf6 6. Bd3 e6 7. N1f3 Bd6 8. Qe2 h6 9. Ne4 Nxe4 10. Qxe4 Nf6 11. Qe2 Qc7 12. Bd2 b6 13. 0-0-0 Bb7 14. Kb1 0-0-0 15. Ba6 Rd7 16. Ne5 Bxe5 17. dxe5 Nd5 18. Bxb7+ Kxb7 19. c4 Ne7 20. Bb4 c5 21. Rxd7 Qxd7 22. Rd1 Qc7 23. Bc3 Rd8 24. Qe4+ Nc6 25. Kc2 Rxd1 26. Kxd1 h5 27. Kc2 g6 28. h3 a6 29. b3 b5 30. f4 Kb6 31. a3 Qb7 32. Kb2 Qd7 33. Kc2 Qd8 34. g3 Qd7 35. Bb2 bxc4 36. bxc4 Na5 37. Qd3 Qa4+ 38. Kb1 Nb7 39. Ka2 Kc7 40. Bc3 Qc6 41. Kb3 Qg2 42. h4 Kc8 43. Be1 Qc6 44. Bc3 Qc7 45. Qd2 Nd8 46. Ka2 Nc6 47. Qd1 Kb7 48. Qb3+ Ka7 49. Qd1 Nb8 50. Qa4 Nd7 51. Qd1 Qc6 52. Ba5 Kb7 53. Qd3 Kc8 54. Kb3 Qb7+ 55. Ka2 Qg2+ 56. Kb3 Qc6 57. Qe3 Qb7+ 58. Ka2 Qg2+ 59. Kb3 Qf1 60. Qe4 Qd1+ 61. Qc2 Qf3+ 62. Qc3 Qb7+ 63. Ka2 Qg2+ 64. Kb3 Qf1 65. Qe1 Qd3+ 66. Qc3 Qb1+ 67. Qb2 Qe4 68. Qd2 Qb1+ 69. Qb2 Qg1 70. Qc3 Qd1+ 71. Qc2 Qf1 72. Qd2 Qb1+ 1/2-1/2

[Event "Decin op-A"]
[Site "Decin"]
[Date "1998.??.??"]
[Round "8"]
[White "Volodin, Viktor Nikolaevich"]
[Black "Sleich, Jan"]
[Result "1-0"]
[WhiteElo "2315"]
[BlackElo "2230"]
[PlyCount "67"]
[EventDate "1998.08.??"]
[EventType "swiss"]
[EventRounds "10"]
[EventCountry "CZE"]
[SourceTitle "EXT 2000"]
[Source "ChessBase"]
[SourceDate "1999.11.16"]
[SourceVersion "1"]
[SourceVersionDate "1999.11.16"]
[SourceQuality "1"]

1. Nf3 Nf6 2. c4 b6 3. g3 Bb7 4. d4 e6 5. Bg2 c5 6. d5 exd5 7. Nh4 b5 8. Nc3 bxc4 9. Nxd5 Nxd5 10. Bxd5 Nc6 11. Bxf7+ Kxf7 12. Qd5+ Ke8 13. Qh5+ g6 14. Nxg6 Qa5+ 15. Bd2 hxg6 16. Qxg6+ Ke7 17. Bxa5 Nxa5 18. Qg5+ Kf7 19. Qf5+ Kg8 20. 0-0 Rh7 21. Rad1 Rf7 22. Qg5+ Rg7 23. Qd2 Nc6 24. Qd5+ Kh8 25. Qxc4 Nd4 26. Rxd4 cxd4 27. Qxd4 a5 28. Rd1 Ra6 29. Qh4+ Kg8 30. Qc4+ Kh8 31. Qb5 d6 32. Rd4 Rc6 33. Rc4 Rg5 34. Rh4+ 1-0

[Event "CZE-chT 9798"]
[Site "Czech Republic"]
[Date "1997.12.14"]
[Round "4"]
[White "Sleich, Jan"]
[Black "Pachmann, Ales"]
[Result "0-1"]
[WhiteElo "2225"]
[BlackElo "2260"]
[PlyCount "118"]
[EventDate "1997.11.15"]
[EventType "team-tourn"]
[EventRounds "11"]
[EventCountry "CZE"]
[SourceTitle "EXT 2019"]
[Source "ChessBase"]
[SourceDate "2018.10.10"]
[SourceVersion "1"]
[SourceVersionDate "2018.10.10"]
[SourceQuality "1"]
[WhiteTeam "Zlin"]
[BlackTeam "Praha Bohemians"]
[WhiteTeamCountry "CZE"]
[BlackTeamCountry "CZE"]

1. e4 c6 2. d4 d5 3. Nc3 dxe4 4. Nxe4 Nd7 5. Ng5 Ngf6 6. Bd3 e6 7. N1f3 Bd6 8. Qe2 h6 9. Ne4 Nxe4 10. Qxe4 c5 11. 0-0 Qc7 12. Qg4 Kf8 13. Qh4 c4 14. Be2 b5 15. a4 b4 16. Bxc4 g5 17. Qe4 Bb7 18. Qe2 g4 19. Nh4 Nf6 20. f4 Nd5 21. Bd2 Be7 22. g3 Bf6 23. c3 Qc6 24. Ng2 bxc3 25. bxc3 Rc8 26. Bxd5 Qxd5 27. Rf2 Rc4 28. Kf1 Ba6 29. Kg1 Rxa4 30. Qd1 Rxa1 31. Qxa1 Bb7 32. Qxa7 Kg7 33. Qa1 Ra8 34. Qd1 h5 35. Be1 Kg8 36. Rb2 Bc6 37. Rf2 Ra4 38. Rc2 Rc4 39. Rf2 Ra4 40. Rc2 Rc4 41. Rf2 Bd8 42. Qe2 Ba5 43. Qe5 Bxc3 44. Qxd5 Bxd5 45. Bxc3 Rxc3 46. Re2 Rd3 47. Kf2 Rxd4 48. Ne1 Kg7 49. Ke3 Re4+ 50. Kd2 Rb4 51. Nc2 Rb2 52. Kc3 Rb3+ 53. Kd4 h4 54. Re3 Rb1 55. Re1 Rb2 56. Rc1 Bb3 57. Na1 Ba4 58. Rc4 Ra2 59. Rc1 h3 0-1

[Event "Moravia-ch"]
[Site "Moravia"]
[Date "1997.??.??"]
[Round "?"]
[White "Dvorak, Tomas"]
[Black "Sleich, Jan"]
[Result "0-1"]
[WhiteElo "1925"]
[BlackElo "2210"]
[PlyCount "68"]
[EventDate "1997.??.??"]
[EventType "swiss"]
[EventRounds "9"]
[EventCountry "CZE"]
[SourceTitle "EXT 1999"]
[Source "ChessBase"]
[SourceDate "1998.11.16"]
[SourceVersion "1"]
[SourceVersionDate "1998.11.16"]
[SourceQuality "1"]

1. Nf3 Nf6 2. g3 b6 3. Bg2 Bb7 4. 0-0 c5 5. c4 e6 6. Nc3 Be7 7. b3 0-0 8. Bb2 a6 9. a3 d6 10. d4 Nbd7 11. e3 Qc7 12. Qe2 Rfd8 13. Rfd1 Ne4 14. Nd2 Nxc3 15. Bxc3 Bxg2 16. Kxg2 cxd4 17. Bxd4 Nc5 18. b4 Nd7 19. Nf3 Rac8 20. Rac1 Qb7 21. Bb2 Rc7 22. Rc2 Rdc8 23. Rdc1 Bf8 24. Kg1 h6 25. Bd4 Be7 26. Nd2 Bf8 27. Nb3 Qe4 28. Nd2 Qa8 29. Nb3 Qb7 30. Qd3 Qf3 31. Nd2 Qh5 32. Bb2 d5 33. cxd5 Rxc2 34. Rxc2 Qd1+ 0-1

[Event "Moravia-ch"]
[Site "Moravia"]
[Date "1997.??.??"]
[Round "?"]
[White "Nedela, Vlastimil"]
[Black "Sleich, Jan"]
[Result "1-0"]
[WhiteElo "2375"]
[BlackElo "2210"]
[PlyCount "103"]
[EventDate "1997.??.??"]
[EventType "swiss"]
[EventRounds "9"]
[EventCountry "CZE"]
[SourceTitle "EXT 1999"]
[Source "ChessBase"]
[SourceDate "1998.11.16"]
[SourceVersion "1"]
[SourceVersionDate "1998.11.16"]
[SourceQuality "1"]

1. e4 c5 2. Nf3 d6 3. Bc4 Nf6 4. d3 Nc6 5. 0-0 e6 6. Bb3 Na5 7. Ba4+ Bd7 8. c4 Be7 9. Nc3 0-0 10. Re1 Bxa4 11. Qxa4 Nc6 12. a3 Ne5 13. Qd1 Nfd7 14. Re3 Ng4 15. Re2 Nge5 16. Ne1 Nc6 17. Nc2 Bf6 18. Bd2 Nd4 19. Nxd4 cxd4 20. Nb1 a5 21. b4 axb4 22. Bxb4 Qc7 23. a4 Qc6 24. Rea2 b6 25. Nd2 Ra6 26. f4 Rfa8 27. Nf3 g6 28. g4 Bg7 29. h4 f5 30. gxf5 exf5 31. exf5 gxf5 32. Qe2 Nf8 33. Qg2 Kh8 34. Ng5 Qd7 35. Qd5 R6a7 36. Bxd6 Ng6 37. h5 Ne7 38. Nf7+ Kg8 39. Nh6+ Kh8 40. Nf7+ Kg8 41. Nh6+ Kh8 42. Bxe7 Qxe7 43. Nxf5 Qf6 44. Rg2 Ra5 45. c5 Rd8 46. Qb7 Bf8 47. Nd6 Bxd6 48. cxd6 Rxh5 49. Rc1 Rc5 50. Re1 Rcc8 51. d7 Rb8 52. Qxb8 1-0